Normal view
MARC view
- بن عبد الكافي، تاج الدين أبي نصر
Entry Personal Name
001 - CONTROL NUMBER
- control field: 13954
003 - CONTROL NUMBER IDENTIFIER
- control field: JO-AjAnu
005 - DATE AND TIME OF LATEST TRANSACTION
- control field: 20230606072530.0
008 - FIXED-LENGTH DATA ELEMENTS
- fixed length control field: 230606|| aca||aabn | a|a d
040 ## - CATALOGING SOURCE
- Original cataloging agency: JO-AjAnu
- Transcribing agency: JO-AjAnu
100 ## - HEADING--PERSONAL NAME
- Personal name: بن عبد الكافي، تاج الدين أبي نصر
670 ## - SOURCE DATA FOUND
- Source citation: Work cat.: (JO-AjAnu)7174: بن عبد الكافي، تاج الدين أبي نصر, author, مختصر معيد النعم ومبيد النقم